[Event "Asian Schools-ch 12th U17 Girls"]
[Site "Tehran"]
[Date "2016.08.15"]
[Round "7"]
[White "Erdenehulug, Batsaikhan"]
[Black "Chaykina, Svetlana"]
[Result "1-0"]
[WhiteElo "1662"]
[BlackElo "1796"]
[PlyCount "113"]
[EventDate "2016.07.11"]
[EventType "swiss"]
[EventRounds "9"]
[EventCountry "IRI"]
[SourceTitle "EXT 2024"]
[Source "ChessBase"]
[SourceDate "2023.10.10"]
[SourceVersion "1"]
[SourceVersionDate "2023.10.10"]
[SourceQuality "1"]

1. d4 d5 2. Nf3 Nf6 3. c4 dxc4 4. Qa4+ Nbd7 5. Qxc4 Nb6 6. Qc2 Bg4 7. Nbd2 e6 8. g3 Bb4 9. Bg2 c6 10. 0-0 0-0 11. a3 Be7 12. Re1 Rc8 13. b4 Qc7 14. Bb2 Nfd7 15. Rac1 Qb8 16. Qb3 a6 17. Nc4 Nxc4 18. Qxc4 Bf6 19. Red1 Bf5 20. Qb3 Rfd8 21. Ne1 Nb6 22. a4 e5 23. a5 Be6 24. Qc2 Nd5 25. Qa4 Ne7 26. dxe5 Bxe5 27. Bxe5 Qxe5 28. Qc2 Rd4 29. Nd3 Qc7 30. Qb2 Rcd8 31. Qc3 Qd6 32. Re1 Rc4 33. Qb2 Rxc1 34. Rxc1 Bf5 35. Rd1 h6 36. h4 Qg6 37. Qb3 Be6 38. Qb1 Rd4 39. Qa1 Rd6 40. Nc5 Bc8 41. Kh2 f5 42. Qc1 Qf6 43. Rxd6 Qxd6 44. Qe3 Kf8 45. Nd3 Be6 46. Qa7 Qc7 47. Nc5 Bc8 48. Nxa6 Qe5 49. Nc5 Qxe2 50. Nxb7 Bxb7 51. Qxb7 Qxf2 52. Qb6 Qa2 53. a6 Qa4 54. a7 Nc8 55. Qd8+ Kf7 56. Qxc8 Qxa7 57. Qxc6 1-0

[Event "Kaluga Tsiolkovsky Memorial op"]
[Site "Kaluga"]
[Date "2016.08.09"]
[Round "4"]
[White "Chaykina, Svetlana"]
[Black "Marusov, Alexey"]
[Result "0-1"]
[WhiteElo "1796"]
[BlackElo "1531"]
[PlyCount "68"]
[EventDate "2016.08.06"]
[EventType "swiss"]
[EventRounds "9"]
[EventCountry "RUS"]
[SourceTitle "CBM 174 Extra"]
[Source "ChessBase"]
[SourceDate "2016.10.10"]
[SourceVersion "1"]
[SourceVersionDate "2016.10.10"]
[SourceQuality "1"]

1. Nf3 Nf6 2. g3 g6 3. Bg2 Bg7 4. 0-0 0-0 5. d3 d5 6. Nbd2 c5 7. e4 Nc6 8. Re1 Bg4 9. h3 Bxf3 10. Bxf3 e6 11. Bg2 Qc7 12. Nf3 dxe4 13. dxe4 Rad8 14. Qe2 Nd4 15. Nxd4 cxd4 16. e5 Nd5 17. Bg5 Rd7 18. Rac1 h6 19. Bd2 Ne7 20. Bb4 Rfd8 21. Kh2 Nc6 22. Bd6 Rxd6 23. exd6 Rxd6 24. Red1 Qd7 25. Rd2 e5 26. Re1 h5 27. f4 h4 28. gxh4 Bh6 29. Kh1 Bxf4 30. Rd3 Be3 31. Rb3 Na5 32. Rb5 d3 33. cxd3 Qxb5 34. Qxe3 Nc6 0-1

[Event "Asian Schools-ch 12th U17 Girls"]
[Site "Tehran"]
[Date "2016.07.11"]
[Round "2.2"]
[White "Hamedi Nia, Vesal"]
[Black "Chaykina, Svetlana"]
[Result "1-0"]
[WhiteElo "1961"]
[BlackElo "1796"]
[PlyCount "209"]
[EventDate "2016.07.11"]
[EventType "swiss"]
[EventRounds "9"]
[EventCountry "IRI"]
[SourceTitle "EXT 2024"]
[Source "ChessBase"]
[SourceDate "2023.10.10"]
[SourceVersion "1"]
[SourceVersionDate "2023.10.10"]
[SourceQuality "1"]

1. d4 d5 2. c4 dxc4 3. Nc3 a6 4. a4 c5 5. d5 e6 6. e4 Nf6 7. Bxc4 Be7 8. Bf4 exd5 9. exd5 Bd6 10. Qe2+ Kf8 11. Be3 Nbd7 12. Nf3 Nb6 13. Bb3 Bf5 14. 0-0 Bg4 15. h3 Bh5 16. Rac1 Nbd7 17. Nb1 Qe7 18. Nbd2 Re8 19. Rfe1 Ne4 20. Qc4 Nxd2 21. Bxd2 Qd8 22. Rxe8+ Qxe8 23. Re1 Qb8 24. Qd3 Bg6 25. Qe3 h6 26. Nh4 Bh7 27. a5 Qd8 28. Bc3 Qe7 29. Qxe7+ Bxe7 30. Bxg7+ Kxg7 31. Rxe7 Rd8 32. d6 Bg8 33. Nf5+ Kg6 34. Bc2 h5 35. Ne3+ Kg7 36. Ba4 b5 37. axb6 Nxb6 38. Bc2 Kf8 39. Re5 Rxd6 40. Rxc5 Rh6 41. Bd3 Bh7 42. Bxa6 Na4 43. Rc8+ Kg7 44. Be2 Nxb2 45. Rc5 Bg6 46. Rd5 Na4 47. Ra5 Nc3 48. Bc4 Rh8 49. f3 Rb8 50. f4 Rb1+ 51. Bf1 Ne2+ 52. Kf2 Nxf4 53. g3 Ne6 54. Bc4 Nd4 55. Ra2 Nf5 56. Bd3 Nxe3 57. Bxb1 Bxb1 58. Ra1 Nd1+ 59. Ke1 Bc2 60. Kd2 Bb3 61. Ra3 Be6 62. Kxd1 Bxh3 63. Kd2 Kf6 64. Ke3 Kg5 65. Ra8 Bf5 66. Ra5 Kg4 67. Kf2 Be4 68. Ra4 f5 69. Ra7 Kg5 70. Rg7+ Kf6 71. Rh7 Kg5 72. Ke3 Bc2 73. Rh8 Bd1 74. Rg8+ Kf6 75. Kf4 Bg4 76. Rb8 Ke6 77. Rb6+ Kf7 78. Kg5 Ke7 79. Rf6 Ke8 80. Kg6 Ke7 81. Rb6 Kf8 82. Rb7 Ke8 83. Kf6 Bh3 84. Rh7 Bg4 85. Rg7 Kf8 86. Ra7 Ke8 87. Rh7 Kd8 88. Ke6 Kc8 89. Kd6 Bf3 90. Rh8+ Kb7 91. Rf8 Bg4 92. Ke5 Kc7 93. Rxf5 Bxf5 94. Kxf5 Kd7 95. Kg6 Ke6 96. Kxh5 Kf6 97. g4 Kf7 98. Kh6 Kg8 99. Kg6 Kh8 100. Kf7 Kh7 101. Kf6 Kh8 102. Kg6 Kg8 103. g5 Kh8 104. Kf7 Kh7 105. g6+ 1-0